00379nam a22001457a 4500003000400000005001700004008004100021020001800062040000900080082001900089100002100108245005300129260004200182300000900224OSt20210303115958.0210303b ||||| |||| 00| 0 eng d a9788125036906 coclc a954.025bSAR/S aSarkar, Jadunath aA Short History Of Aurangazib /cJadunath Sarkar aHyderabad:bOrient BlackSwan, c2017. a416p